| 000 | 01317cas a2200385 4500 | ||
|---|---|---|---|
| 001 | 207 | ||
| 003 | BD-RjUL | ||
| 005 | 20211208233129.0 | ||
| 008 | 131113c19669999ne ex p 0 a0eng c | ||
| 030 | _aCCHRAM | ||
| 035 | _a(OCoLC)ocm01565057 | ||
| 035 | _a(BD-RjUL)220 | ||
| 040 |
_aMnMULS _cMnMULS _dNSDP _dFU _dDLC _dOCoLC _dAIP _dNST _dNSDP _dInU _dCU-S _dOCoLC _dDNLM _dInU _dOCoLC _dNLGGC _dCaQMU _dCPT _dOCoLC _dBD-RjUL _beng |
||
| 041 | _aeng | ||
| 060 | 1 | 0 |
_aW1 _bCO825 |
| 082 | 0 | 4 |
_a541.224205 _219 _bCOO 1994 |
| 245 | 0 | 0 | _aCoordination chemistry reviews. |
| 260 |
_aAmsterdam, _bElsevier Pub. Co. |
||
| 300 |
_av. _bill. |
||
| 321 | _aFrequency varies | ||
| 510 | 2 |
_aChemical abstracts _x0009-2258 |
|
| 650 | 0 |
_aCoordination compounds _vPeriodicals. _9627 |
|
| 650 | 0 |
_aComplex compounds _vPeriodicals. _9628 |
|
| 650 | 2 |
_aChemistry _vPeriodicals. _9427 |
|
| 650 | 1 | 7 |
_aCoördinatieverbindingen. _2gtt _9629 |
| 650 | 6 |
_aComposés complexes _vPériodiques. _9630 |
|
| 650 | 6 |
_aComposés de coordination _vPériodiques. _9631 |
|
| 776 | 1 |
_tCoordination chemistry reviews (Online) _w(DLC) 2002238840 _w(OCoLC)38840986 |
|
| 936 |
_aUnknown _aVol. 216-217 (June-July 2001)(surrogate) LIC |
||
| 942 |
_2ddc _cCR |
||
| 999 |
_c207 _d207 |
||